|
|
|
|
| LEADER |
01508nam a2200349 i 4500 |
| 001 |
AAL9668 |
| 003 |
BD-DhAAL |
| 005 |
20180523110707.0 |
| 008 |
180523s2011 bg 000 0 beno |
| 999 |
|
|
|c 39387
|d 39387
|
| 010 |
|
|
|a 2012338741
|
| 020 |
|
|
|a 9847020500308
|
| 025 |
|
|
|a B-B-2012-338741; 22-90
|
| 037 |
|
|
|b Library of Congress -- New Delhi Overseas Office
|
| 040 |
|
|
|a DLC
|b eng
|e rda
|c DLC
|d DLC
|d BD-DhAAL
|
| 043 |
|
|
|a a-bg---
|
| 050 |
0 |
0 |
|a DS395.5
|b .S2153 2011
|
| 082 |
|
|
|2 22
|a 320.95492
|
| 100 |
|
|
|a শাহনাওয়াজ, এ কে এম
|9 25979
|
| 245 |
1 |
0 |
|a সমাজ রাজনীতির এক দশক, ২০০০-২০০৯ /
|c এ কে এম শাহনাওয়াজ
|
| 246 |
3 |
1 |
|a Samaj-rajnitir ek dashak, 200-2009
|
| 246 |
3 |
1 |
|a Decade of socio-politics, 2000-2009
|
| 264 |
|
1 |
|a ঢাকা :
|b নভেল পাবলিশিং ,
|c ২০১১
|
| 300 |
|
|
|a 560 p. ;
|c 22 cm
|
| 520 |
|
|
|a Articles chiefly on contemporary political issues of Bangladesh; includes articles on social condition of Bangladesh.
|
| 541 |
|
|
|e 9668
|
| 546 |
|
|
|a In Bengali.
|
| 651 |
|
0 |
|a Bangladesh
|x Politics and government
|y 1971-
|9 25977
|
| 651 |
|
0 |
|a Bangladesh
|x Social conditions
|y 21st century.
|9 25978
|
| 852 |
|
|
|a Savar Campus Library
|c General Shelf
|
| 942 |
|
|
|2 ddc
|c BK
|
| 952 |
|
|
|0 0
|1 0
|2 ddc
|4 0
|6 320_954920000000000_SHA
|7 0
|9 63372
|a SCL
|b SCL
|c GEN
|d 2018-05-23
|e Development Book Agency
|g 382.00
|l 0
|o 320.95492 SHA
|p 3020009668
|r 2018-05-23
|t 1
|w 2018-05-23
|y BK
|